Cases & materials on constitutional & administrative law / (Record no. 613497)
[ view plain ]
| 000 -LEADER | |
|---|---|
| fixed length control field | 01512cam a2200373 i 4500 |
| 001 - CONTROL NUMBER | |
| control field | 22083755 |
| 005 - DATE AND TIME OF LATEST TRANSACTION | |
| control field | 20250328093857.0 |
| 008 - FIXED-LENGTH DATA ELEMENTS--GENERAL INFORMATION | |
| fixed length control field | 210617t 2022enka b 001 0 eng |
| 010 ## - LIBRARY OF CONGRESS CONTROL NUMBER | |
| LC control number | 2021941450 |
| 020 ## - INTERNATIONAL STANDARD BOOK NUMBER | |
| International Standard Book Number | 9780198867883 |
| Qualifying information | (paperback) |
| 040 ## - CATALOGING SOURCE | |
| Original cataloging agency | DLC |
| Language of cataloging | eng |
| Description conventions | rda |
| Transcribing agency | DLC |
| 042 ## - AUTHENTICATION CODE | |
| Authentication code | pcc |
| 043 ## - GEOGRAPHIC AREA CODE | |
| Geographic area code | e-uk--- |
| 050 00 - LIBRARY OF CONGRESS CALL NUMBER | |
| Classification number | KD3930 |
| Item number | .A948 2022 |
| 082 ## - DEWEY DECIMAL CLASSIFICATION NUMBER | |
| Classification number | 342.06 |
| Author Mark | THO |
| 100 1# - MAIN ENTRY--PERSONAL NAME | |
| Personal name | Thompson, Brian, |
| Dates associated with a name | 1955- |
| Relator term | author. |
| 9 (RLIN) | 85545 |
| 245 10 - TITLE STATEMENT | |
| Title | Cases & materials on constitutional & administrative law / |
| Statement of responsibility, etc. | Brian Thompson, LLB, MLitt; Michael Gordon, MA, PhD. |
| 246 30 - VARYING FORM OF TITLE | |
| Title proper/short title | Constitutional & administrative law |
| 246 3# - VARYING FORM OF TITLE | |
| Title proper/short title | Cases and materials on constitutional and administrative law |
| 250 ## - EDITION STATEMENT | |
| Edition statement | Thirteenth edition. |
| 264 #1 - PRODUCTION, PUBLICATION, DISTRIBUTION, MANUFACTURE, AND COPYRIGHT NOTICE | |
| Place of production, publication, distribution, manufacture | Oxford, United Kingdom : |
| Name of producer, publisher, distributor, manufacturer | Oxford University Press, |
| Date of production, publication, distribution, manufacture, or copyright notice | [2022] |
| 300 ## - PHYSICAL DESCRIPTION | |
| Extent | xi, 694 pages ; |
| Dimensions | 25 cm |
| 336 ## - CONTENT TYPE | |
| Content type term | text |
| Content type code | txt |
| Source | rdacontent |
| 337 ## - MEDIA TYPE | |
| Media type term | unmediated |
| Media type code | n |
| Source | rdamedia |
| 338 ## - CARRIER TYPE | |
| Carrier type term | volume |
| Carrier type code | nc |
| Source | rdacarrier |
| 504 ## - BIBLIOGRAPHY, ETC. NOTE | |
| Bibliography, etc. note | Includes bibliographical references and index. |
| 650 #0 - SUBJECT ADDED ENTRY--TOPICAL TERM | |
| Topical term or geographic name entry element | Administrative law |
| Geographic subdivision | Great Britain |
| Form subdivision | Cases. |
| 9 (RLIN) | 128562 |
| 650 #0 - SUBJECT ADDED ENTRY--TOPICAL TERM | |
| Topical term or geographic name entry element | Constitutional law |
| Geographic subdivision | Great Britain |
| Form subdivision | Cases. |
| 9 (RLIN) | 128563 |
| 700 1# - ADDED ENTRY--PERSONAL NAME | |
| Personal name | Gordon, Michael |
| Fuller form of name | (Michael J.), |
| Relator term | author. |
| 9 (RLIN) | 128564 |
| 700 1# - ADDED ENTRY--PERSONAL NAME | |
| Personal name | Tucker, Adam |
| Titles and other words associated with a name | (Law teacher), |
| Relator term | author. |
| 9 (RLIN) | 128565 |
| 906 ## - LOCAL DATA ELEMENT F, LDF (RLIN) | |
| a | 7 |
| b | cbc |
| c | origcop |
| d | 2 |
| e | epcn |
| f | 20 |
| g | y-gencatlg |
| 942 ## - ADDED ENTRY ELEMENTS (KOHA) | |
| Source of classification or shelving scheme | |
| Koha item type | Book |
| Withdrawn status | Lost status | Source of classification or shelving scheme | Damaged status | Not for loan | Permanent Location | Current Location | Date acquired | Total Checkouts | Full call number | Barcode | Date last seen | Price effective from | Koha item type |
|---|---|---|---|---|---|---|---|---|---|---|---|---|---|
| NUST Law School (NLS) | NUST Law School (NLS) | 03/28/2025 | 342.06 THO | NLS-1631 | 03/28/2025 | 03/28/2025 | Book |
